[Event "Mecklenburg VP LL2 West 2223"]
[Site "Mecklenburg VP"]
[Date "2023.02.26"]
[Round "6.7"]
[White "Prueter, Reinhard"]
[Black "Herholz, Holger"]
[Result "1-0"]
[WhiteElo "1554"]
[BlackElo "1970"]
[PlyCount "45"]
[EventDate "2022.10.23"]
[EventType "team-tourn"]
[EventRounds "9"]
[EventCountry "GER"]
[SourceTitle "EXT 2024"]
[Source "ChessBase"]
[SourceDate "2023.10.10"]
[SourceVersion "1"]
[SourceVersionDate "2023.10.10"]
[SourceQuality "1"]
[WhiteTeam "Kuehlungsborn SV Empor"]
[BlackTeam "Rostock Uni"]
[WhiteTeamCountry "GER"]
[BlackTeamCountry "GER"]

1. d4 Nf6 2. c4 d6 3. Nf3 g6 4. Nc3 Bg7 5. e4 0-0 6. h3 c6 7. Be2 Nbd7 8. 0-0 c5 9. Be3 cxd4 10. Nxd4 Nc5 11. Bf3 a5 12. Rb1 Nfd7 13. Qc2 Ne5 14. Be2 Nc6 15. Nxc6 bxc6 16. Rfd1 Na6 17. a3 f5 18. c5 fxe4 19. cxd6 exd6 20. Nxe4 Bf5 21. Qxc6 d5 22. Rxd5 Bxe4 23. Qe6+ 1-0

[Event "Mecklenburg VP VL 1718"]
[Site "Mecklenburg VP"]
[Date "2017.12.10"]
[Round "4.5"]
[White "Herholz, Holger"]
[Black "Kiel, Bernd"]
[Result "1/2-1/2"]
[WhiteElo "1766"]
[BlackElo "1892"]
[PlyCount "51"]
[EventDate "2017.10.08"]
[EventType "team-tourn"]
[EventRounds "9"]
[EventCountry "GER"]
[SourceTitle "EXT 2022"]
[Source "ChessBase"]
[SourceDate "2021.10.06"]
[SourceVersion "1"]
[SourceVersionDate "2021.10.06"]
[SourceQuality "1"]
[WhiteTeam "Warnemuende SF Ostsee"]
[BlackTeam "Guestrow/Teterow"]
[WhiteTeamCountry "GER"]
[BlackTeamCountry "GER"]

1. d4 Nf6 2. c4 g6 3. Nc3 d5 4. e3 Bg7 5. cxd5 Nxd5 6. Bc4 Nxc3 7. bxc3 0-0 8. Nf3 c5 9. 0-0 Qc7 10. Qb3 Nc6 11. Be2 Be6 12. Qa4 a6 13. Bd2 b5 14. Qc2 Na5 15. Rac1 Bc4 16. Bxc4 Nxc4 17. Rfd1 Rfd8 18. a4 Rd7 19. axb5 axb5 20. Ra1 Rdd8 21. Rxa8 Rxa8 22. Rc1 Ra3 23. Rb1 Qa5 24. Be1 h6 25. g3 e6 26. Nd2 1/2-1/2

[Event "Mecklenburg VP LL 1617"]
[Site "Mecklenburg VP"]
[Date "2017.04.02"]
[Round "8.7"]
[White "Herholz, Holger"]
[Black "Haase, Sebastian"]
[Result "1/2-1/2"]
[WhiteElo "1776"]
[BlackElo "1726"]
[PlyCount "37"]
[EventDate "2016.10.16"]
[EventType "team-tourn"]
[EventRounds "9"]
[EventCountry "GER"]
[SourceTitle "EXT 2022"]
[Source "ChessBase"]
[SourceDate "2021.10.06"]
[SourceVersion "1"]
[SourceVersionDate "2021.10.06"]
[SourceQuality "1"]
[WhiteTeam "Warnemuende SF Ostsee"]
[BlackTeam "Grevesmuehlen Blau Weiss"]
[WhiteTeamCountry "GER"]
[BlackTeamCountry "GER"]

1. d4 Nf6 2. c4 g6 3. Nc3 d6 4. Nf3 Bg7 5. e3 0-0 6. Be2 Nbd7 7. 0-0 e5 8. dxe5 dxe5 9. b3 Qe7 10. Qc2 c6 11. Bb2 Nb6 12. a4 Rd8 13. Ba3 Qc7 14. Rfd1 Bf5 15. e4 Bg4 16. h3 Bxf3 17. Bxf3 Rxd1+ 18. Rxd1 Rd8 19. Be2 1/2-1/2

[Event "Mecklenburg VP LL2 Ost 1112"]
[Site "Mecklenburg VP"]
[Date "2012.02.26"]
[Round "7.1"]
[White "Herholz, Holger"]
[Black "Schumann, Lutz"]
[Result "1/2-1/2"]
[WhiteElo "1859"]
[BlackElo "1922"]
[PlyCount "67"]
[EventDate "2011.10.02"]
[EventType "team-tourn"]
[EventRounds "9"]
[EventCountry "GER"]
[SourceTitle "EXT 2022"]
[Source "ChessBase"]
[SourceDate "2021.10.06"]
[SourceVersion "1"]
[SourceVersionDate "2021.10.06"]
[SourceQuality "1"]
[WhiteTeam "Warnemuende SF Ostsee II"]
[BlackTeam "Graal Mueritz"]
[WhiteTeamCountry "GER"]
[BlackTeamCountry "GER"]

1. d4 Nf6 2. c4 g6 3. Nc3 Bg7 4. e4 d6 5. f4 0-0 6. Nf3 c6 7. Be2 Na6 8. 0-0 Bg4 9. h3 Bxf3 10. Bxf3 Qb6 11. Rb1 e5 12. Be3 Nd7 13. c5 dxc5 14. dxe5 Rad8 15. Qe2 Qa5 16. a3 Nc7 17. Rfd1 Ne6 18. Qf2 Rfe8 19. Bg4 Ndf8 20. g3 Rxd1+ 21. Rxd1 Rd8 22. Rxd8 Qxd8 23. Bxc5 Nxc5 24. Qxc5 h5 25. Bd1 Qd3 26. Qf2 Ne6 27. Be2 Qd2 28. Bc4 Qc1+ 29. Kg2 Nc7 30. Qe2 Bf8 31. Na2 Qb1 32. Nc3 Qc1 33. Na2 Qb1 34. Nc3 1/2-1/2

[Event "Mecklenburg VP LL2 Ost 1112"]
[Site "Mecklenburg VP"]
[Date "2011.10.02"]
[Round "1.1"]
[White "Herholz, Holger"]
[Black "Menkhaus, Wolf Dieter"]
[Result "1/2-1/2"]
[WhiteElo "1859"]
[BlackElo "1876"]
[PlyCount "122"]
[EventDate "2011.10.02"]
[EventType "team-tourn"]
[EventRounds "9"]
[EventCountry "GER"]
[SourceTitle "EXT 2022"]
[Source "ChessBase"]
[SourceDate "2021.10.06"]
[SourceVersion "1"]
[SourceVersionDate "2021.10.06"]
[SourceQuality "1"]
[WhiteTeam "Warnemuende SF Ostsee II"]
[BlackTeam "Rostock SSC 07 III"]
[WhiteTeamCountry "GER"]
[BlackTeamCountry "GER"]

1. d4 Nf6 2. c4 c5 3. d5 e5 4. Nc3 d6 5. e4 Be7 6. Nf3 0-0 7. Be2 Ne8 8. 0-0 g6 9. Bh6 Ng7 10. Ne1 Bg5 11. Bxg5 Qxg5 12. Nf3 Qe7 13. Qd2 Na6 14. a3 b6 15. Nb5 f5 16. exf5 gxf5 17. Qg5 Qxg5 18. Nxg5 Rf6 19. Nf3 Bd7 20. Nc3 Re8 21. b4 Re7 22. b5 Nc7 23. a4 a5 24. Rae1 Nce8 25. Nh4 Rh6 26. g3 f4 27. Bf3 Nf5 28. Nxf5 Bxf5 29. Ne4 Rg7 30. Kh1 Bxe4 31. Rxe4 fxg3 32. fxg3 Nf6 33. Rh4 Rxh4 34. gxh4 Kf7 35. Be4 Rg4 36. Bxh7 Rxc4 37. h5 Kg7 38. h6+ Kxh6 39. Rxf6+ Kxh7 40. Rxd6 Rxa4 41. Rxb6 Rb4 42. d6 Kg7 43. d7 Rd4 44. Rb7 Kf6 45. Rc7 Kf5 46. b6 Kf4 47. Rxc5 Rxd7 48. Rxa5 Rd1+ 49. Kg2 Rb1 50. Ra8 Rxb6 51. Rf8+ Ke4 52. h4 Rg6+ 53. Kf2 Rh6 54. Kg3 Ke3 55. Ra8 Rg6+ 56. Kh3 e4 57. h5 Rg7 58. Kh4 Kf2 59. h6 Rg1 60. Rf8+ Ke2 61. Kh5 e3 1/2-1/2

[Event "Mecklenburg VP LL2 Ost 1011"]
[Site "Mecklenburg VP"]
[Date "2010.12.12"]
[Round "4.1"]
[White "Schmidt, Peter"]
[Black "Herholz, Holger"]
[Result "1-0"]
[WhiteElo "2085"]
[BlackElo "1871"]
[PlyCount "99"]
[EventDate "2010.10.10"]
[EventType "team-tourn"]
[EventRounds "9"]
[EventCountry "GER"]
[SourceTitle "EXT 2022"]
[Source "ChessBase"]
[SourceDate "2021.10.06"]
[SourceVersion "1"]
[SourceVersionDate "2021.10.06"]
[SourceQuality "1"]
[WhiteTeam "Wolgast Motor"]
[BlackTeam "Warnemuende SF Ostsee II"]
[WhiteTeamCountry "GER"]
[BlackTeamCountry "GER"]

1. Nf3 Nf6 2. b3 g6 3. Bb2 Bg7 4. g3 0-0 5. Bg2 d6 6. d4 Nbd7 7. d5 c6 8. dxc6 bxc6 9. Nd4 Bb7 10. Nxc6 Bxc6 11. Bxc6 Rc8 12. Bg2 Qa5+ 13. c3 Ng4 14. 0-0 Qh5 15. h3 Nh6 16. Qd2 Nc5 17. c4 Ne6 18. Bxg7 Kxg7 19. Nc3 Qe5 20. Nd5 Rfe8 21. Qc3 Qxc3 22. Nxc3 Nd4 23. Rfd1 Ne6 24. Nd5 Ng8 25. a4 Rc5 26. e3 Rb8 27. Rdb1 a5 28. Bf1 Nc7 29. b4 axb4 30. Rxb4 Rxb4 31. Nxb4 Ra5 32. Nc6 Ra6 33. Bg2 Kf8 34. a5 Nf6 35. Nb4 Ra7 36. a6 Nd7 37. Bb7 Nb8 38. Kf1 Ke8 39. Ke2 Kd7 40. Kd2 e6 41. Kc3 Ne8 42. Kd4 e5+ 43. Kc3 Nc7 44. f4 f6 45. Ra5 Ne6 46. Nd5 Nc5 47. Nb6+ Kc7 48. Nc8 Nxb7 49. Nxa7 Nxa5 50. Nb5+ 1-0

[Event "Mecklenburg VP LL2 Ost 0910"]
[Site "Mecklenburg VP"]
[Date "2009.12.13"]
[Round "4.1"]
[White "Herholz, Holger"]
[Black "Dettmann, Gerd"]
[Result "0-1"]
[WhiteElo "1878"]
[BlackElo "2095"]
[PlyCount "104"]
[EventDate "2009.10.18"]
[EventType "team-tourn"]
[EventRounds "9"]
[EventCountry "GER"]
[SourceTitle "EXT 2016"]
[Source "ChessBase"]
[SourceDate "2015.10.08"]
[SourceVersion "1"]
[SourceVersionDate "2015.10.08"]
[SourceQuality "1"]
[WhiteTeam "Warnemuende SF Ostsee II"]
[BlackTeam "Guestrow/Teterow"]
[WhiteTeamCountry "GER"]
[BlackTeamCountry "GER"]

1. d4 Nf6 2. c4 e6 3. Nc3 Bb4 4. Bd2 0-0 5. Nf3 d5 6. e3 b6 7. cxd5 exd5 8. Be2 Bb7 9. 0-0 Nbd7 10. Rc1 a6 11. Qb3 Bd6 12. Rfe1 Re8 13. Bd3 c5 14. Qd1 c4 15. Bc2 b5 16. a3 Bc6 17. h3 a5 18. Na2 Qb6 19. Nc3 b4 20. axb4 axb4 21. Ne2 Ra2 22. Rb1 g6 23. Qc1 Rea8 24. Ng5 Nf8 25. f4 Bd7 26. Ng3 Re8 27. Nf3 b3 28. Bd1 Ne6 29. Ne5 Ng7 30. Nxd7 Nxd7 31. Bf3 Nf6 32. Ne2 Raa8 33. g4 Qc6 34. Nc3 Rad8 35. g5 Ne4 36. Nxe4 dxe4 37. Be2 Rc8 38. Qc3 Rc7 39. Rec1 Rec8 40. Ra1 Nf5 41. Be1 Ne7 42. Qa5 Qd5 43. Qb6 Rc6 44. Qb7 R6c7 45. Qb6 Rc6 46. Qa7 Bc7 47. Qa4 Bd8 48. Bg4 Nf5 49. Kf2 Bb6 50. Bxf5 Qxf5 51. Kg3 h6 52. gxh6 g5 0-1

[Event "Mecklenburg VP LL 0809"]
[Site "Mecklenburg VP"]
[Date "2008.10.26"]
[Round "2.7"]
[White "Herholz, Holger"]
[Black "Emmrich, Olaf"]
[Result "1-0"]
[WhiteElo "1889"]
[BlackElo "1826"]
[PlyCount "135"]
[EventDate "2008.10.05"]
[EventType "team-tourn"]
[EventRounds "9"]
[EventCountry "GER"]
[SourceTitle "EXT 2022"]
[Source "ChessBase"]
[SourceDate "2021.10.06"]
[SourceVersion "1"]
[SourceVersionDate "2021.10.06"]
[SourceQuality "1"]
[WhiteTeam "Warnemuende SF Ostsee"]
[BlackTeam "Ludwigslust Post SV"]
[WhiteTeamCountry "GER"]
[BlackTeamCountry "GER"]

1. d4 Nf6 2. c4 g6 3. Nc3 Bg7 4. e4 d6 5. f4 c6 6. Nf3 0-0 7. Be2 a6 8. a4 Qc7 9. 0-0 c5 10. d5 Bg4 11. h3 Bxf3 12. Bxf3 Nbd7 13. g4 Rfd8 14. Bd2 Nf8 15. Qc2 Qd7 16. Kh2 Ne8 17. a5 e6 18. Na4 Qe7 19. Nb6 Rab8 20. Rae1 Nd7 21. Na4 b5 22. axb6 Nxb6 23. Nxb6 Rxb6 24. e5 Rdb8 25. Bc3 dxe5 26. fxe5 Qg5 27. Kg3 Bh6 28. Be4 Ng7 29. Qf2 Nh5+ 30. Kh2 Qf4+ 31. Qxf4 Nxf4 32. Kg3 g5 33. d6 Bf8 34. h4 h6 35. hxg5 hxg5 36. Rh1 Bg7 37. Rh2 Rb3 38. Bc2 R3b7 39. Rd2 Kf8 40. Ba4 Ng6 41. Bc2 Nf4 42. Rdd1 Ng6 43. Ra1 Rb6 44. Ra5 Nxe5 45. Rxe5 Rxd6 46. Rxg5 Bxc3 47. bxc3 Rb2 48. Be4 Rb3 49. Rgxc5 Rxc3+ 50. Kf4 Rd4 51. Rxa6 Rdxc4 52. Rxc4 Rxc4 53. Ke5 Kg7 54. Ra7 Rc5+ 55. Kf4 Rc1 56. g5 Kg8 57. Ke5 Re1 58. Rb7 Rf1 59. Rb1 Rf2 60. Rc1 Rd2 61. Rc2 Rd1 62. Rc8+ Kg7 63. Rc7 Kg8 64. Rc2 Rf1 65. Rc3 Rd1 66. Kf6 Rd8 67. Rc7 Rf8 68. Bh7+ 1-0

[Event "Mecklenburg VP LL2 Ost 0809"]
[Site "Mecklenburg VP"]
[Date "2008.10.05"]
[Round "1.1"]
[White "Maertin, Heinz"]
[Black "Herholz, Holger"]
[Result "1-0"]
[WhiteElo "1831"]
[BlackElo "1889"]
[PlyCount "49"]
[EventDate "2008.09.28"]
[EventType "team-tourn"]
[EventRounds "9"]
[EventCountry "GER"]
[SourceTitle "EXT 2022"]
[Source "ChessBase"]
[SourceDate "2021.10.06"]
[SourceVersion "1"]
[SourceVersionDate "2021.10.06"]
[SourceQuality "1"]
[WhiteTeam "Rostock SSC 07 III"]
[BlackTeam "Warnemuende SF Ostsee II"]
[WhiteTeamCountry "GER"]
[BlackTeamCountry "GER"]

1. e4 c5 2. Nf3 Nc6 3. d4 cxd4 4. Nxd4 d6 5. Nc3 g6 6. Bc4 Bg7 7. Be3 Bd7 8. Qd2 Nf6 9. f3 0-0 10. h4 h5 11. 0-0-0 Rc8 12. Bb3 Ne5 13. Rdg1 Nc4 14. Bxc4 Rxc4 15. g4 Qa5 16. Kb1 Rfc8 17. gxh5 Nxh5 18. Rg5 e5 19. Nb3 Qa6 20. Rxh5 gxh5 21. Bh6 Kh7 22. Bxg7 Kxg7 23. Qg5+ Kf8 24. Qh6+ Ke8 25. Qh8+ 1-0

[Event "Mecklenburg VP LL2 Ost 0708"]
[Site "Mecklenburg VP"]
[Date "2008.04.20"]
[Round "9.1"]
[White "Riebort, Frank"]
[Black "Herholz, Holger"]
[Result "1-0"]
[WhiteElo "1926"]
[BlackElo "1875"]
[PlyCount "99"]
[EventDate "2007.10.21"]
[EventType "team-tourn"]
[EventRounds "9"]
[EventCountry "GER"]
[SourceTitle "EXT 2016"]
[Source "ChessBase"]
[SourceDate "2015.10.08"]
[SourceVersion "1"]
[SourceVersionDate "2015.10.08"]
[SourceQuality "1"]
[WhiteTeam "Wolgast Motor"]
[BlackTeam "Warnemuende SF Ostsee II"]
[WhiteTeamCountry "GER"]
[BlackTeamCountry "GER"]

1. d4 Nf6 2. c4 g6 3. Nc3 Bg7 4. e4 d6 5. Nf3 0-0 6. Be2 Nbd7 7. 0-0 c5 8. d5 Ng4 9. Qc2 Nge5 10. Nxe5 Nxe5 11. f4 Nd7 12. Be3 Nf6 13. Rae1 Qb6 14. h3 h5 15. Bd3 e6 16. e5 dxe5 17. fxe5 Nd7 18. Na4 Qc7 19. dxe6 Nxe5 20. exf7+ Kh7 21. Bxc5 Nxd3 22. Qxd3 Rxf7 23. Rxf7 Qxf7 24. Re7 Qf6 25. Qe4 Bf5 26. Qxb7 Rg8 27. Nc3 Bd3 28. Qf3 Qxf3 29. gxf3 Bxc4 30. b3 Bd3 31. Ne4 Kh8 32. Rxa7 Re8 33. Re7 Ra8 34. a3 Bc2 35. Rb7 Rc8 36. b4 Bb2 37. Ra7 Re8 38. Ng5 Bb3 39. a4 Rb8 40. f4 Bc3 41. b5 Rc8 42. Be3 Re8 43. Kf2 Rb8 44. b6 Bd5 45. Rc7 Bf6 46. a5 Ra8 47. Rc5 Bb7 48. Nf7+ Kg8 49. Nd6 Ba6 50. b7 1-0

[Event "Mecklenburg VP LL2 Ost 0708"]
[Site "Mecklenburg VP"]
[Date "2008.01.20"]
[Round "5.1"]
[White "Blanck, Michael"]
[Black "Herholz, Holger"]
[Result "1/2-1/2"]
[WhiteElo "1970"]
[BlackElo "1875"]
[PlyCount "24"]
[EventDate "2007.10.21"]
[EventType "team-tourn"]
[EventRounds "9"]
[EventCountry "GER"]
[SourceTitle "EXT 2016"]
[Source "ChessBase"]
[SourceDate "2015.10.08"]
[SourceVersion "1"]
[SourceVersionDate "2015.10.08"]
[SourceQuality "1"]
[WhiteTeam "Pasewalk"]
[BlackTeam "Warnemuende SF Ostsee II"]
[WhiteTeamCountry "GER"]
[BlackTeamCountry "GER"]

1. e4 c5 2. Nf3 Nc6 3. d4 cxd4 4. Nxd4 d6 5. Nc3 g6 6. Be2 Nf6 7. Be3 Bg7 8. 0-0 0-0 9. f4 h5 10. Nxc6 bxc6 11. f5 Qa5 12. Qe1 Qb4 1/2-1/2

[Event "Mecklenburg VP LL2 0506"]
[Site "Mecklenburg VP"]
[Date "2006.01.15"]
[Round "5.1"]
[White "Krueger, Gerhard"]
[Black "Herholz, Holger"]
[Result "1/2-1/2"]
[WhiteElo "1838"]
[BlackElo "1880"]
[PlyCount "32"]
[EventDate "2005.10.23"]
[EventType "team"]
[EventRounds "9"]
[EventCountry "GER"]
[SourceTitle "EXT 2009"]
[Source "ChessBase"]
[SourceDate "2008.11.26"]
[SourceVersion "1"]
[SourceVersionDate "2008.11.26"]
[SourceQuality "1"]
[WhiteTeam "Schwerin III"]
[BlackTeam "Warnemuende SF Ostsee II"]
[WhiteTeamCountry "GER"]
[BlackTeamCountry "GER"]

1. e4 c5 2. Nf3 Nc6 3. d4 cxd4 4. Nxd4 d6 5. c4 g6 6. Nc3 Bg7 7. Be3 Nf6 8. Be2 0-0 9. 0-0 Bd7 10. Rc1 a6 11. f3 Rc8 12. Nb3 Na5 13. Nxa5 Qxa5 14. Qb3 Qc7 15. Nd5 Nxd5 16. cxd5 Qb8 1/2-1/2

[Event "Mecklenburg VP LL2 0506"]
[Site "Mecklenburg VP"]
[Date "2005.11.13"]
[Round "2.1"]
[White "Maertin, Heinz"]
[Black "Herholz, Holger"]
[Result "1/2-1/2"]
[WhiteElo "1905"]
[BlackElo "1880"]
[PlyCount "84"]
[EventDate "2005.10.23"]
[EventType "team"]
[EventRounds "9"]
[EventCountry "GER"]
[SourceTitle "EXT 2009"]
[Source "ChessBase"]
[SourceDate "2008.11.26"]
[SourceVersion "1"]
[SourceVersionDate "2008.11.26"]
[SourceQuality "1"]
[WhiteTeam "Rostock PSV III"]
[BlackTeam "Warnemuende SF Ostsee II"]
[WhiteTeamCountry "GER"]
[BlackTeamCountry "GER"]

1. e4 c5 2. Nf3 Nc6 3. d4 cxd4 4. Nxd4 d6 5. Nc3 g6 6. Be3 Bg7 7. Bc4 Nf6 8. f3 0-0 9. Qd2 Bd7 10. 0-0-0 Rc8 11. Bb3 Ne5 12. h4 h5 13. Rdg1 Nc4 14. Bxc4 Rxc4 15. g4 a6 16. Nd5 Nxd5 17. exd5 Qb6 18. Nb3 Qc7 19. Bd4 Rc8 20. Rh2 Bxd4 21. Nxd4 Qb6 22. Rd1 hxg4 23. h5 Rxd4 24. Qxd4 Qxd4 25. Rxd4 gxf3 26. hxg6 fxg6 27. Rf4 Rf8 28. Rh8+ Kxh8 29. Rxf8+ Kg7 30. Rxf3 Bf5 31. Re3 Kf6 32. Kd2 g5 33. c4 e5 34. b4 e4 35. c5 dxc5 36. bxc5 Ke5 37. c6 bxc6 38. dxc6 Kd6 39. Rc3 Kc7 40. Ke3 Be6 41. Kxe4 Bxa2 42. Kd4 Bf7 1/2-1/2

[Event "Rostock  PSV op 05th"]
[Site "Rostock"]
[Date "2005.08.26"]
[Round "4"]
[White "Herholz, Holger"]
[Black "Ehlers, Michael2222"]
[Result "1-0"]
[WhiteElo "2009"]
[BlackElo "1626"]
[PlyCount "63"]
[EventDate "2005.08.25"]
[EventType "swiss"]
[EventRounds "7"]
[EventCountry "GER"]
[SourceTitle "EXT 2007"]
[Source "ChessBase"]
[SourceDate "2006.11.23"]
[SourceVersion "1"]
[SourceVersionDate "2006.11.23"]
[SourceQuality "1"]

1. d4 Nf6 2. c4 e5 3. dxe5 Ng4 4. Nf3 Nc6 5. Nc3 Ngxe5 6. Nxe5 Nxe5 7. e4 d6 8. Be2 Be6 9. b3 Be7 10. Bb2 Qd7 11. f4 Ng6 12. f5 Bxf5 13. exf5 Qxf5 14. Nd5 0-0 15. Qd4 f6 16. Bg4 Qg5 17. 0-0 Qe5 18. Nxc7 Rab8 19. Ne6 Rfe8 20. Qd2 Qe4 21. Bf3 Qh4 22. Bd5 Kh8 23. Rf3 Bd8 24. Raf1 Bb6+ 25. Kh1 Ne5 26. Rh3 Qg4 27. Rf4 Qg6 28. Be4 Qf7 29. Rxh7+ Kg8 30. Rxg7+ Qxg7 31. Nxg7 Kxg7 32. Qxd6 1-0

[Event "Rostock  PSV op 05th"]
[Site "Rostock"]
[Date "2005.08.25"]
[Round "2"]
[White "Herholz, Holger"]
[Black "Kutschke, Peter"]
[Result "1/2-1/2"]
[WhiteElo "2009"]
[BlackElo "2128"]
[PlyCount "29"]
[EventDate "2005.08.25"]
[EventType "swiss"]
[EventRounds "7"]
[EventCountry "GER"]
[SourceTitle "EXT 2007"]
[Source "ChessBase"]
[SourceDate "2006.11.23"]
[SourceVersion "1"]
[SourceVersionDate "2006.11.23"]
[SourceQuality "1"]

1. d4 d5 2. c4 Bf5 3. Nc3 e6 4. e3 c6 5. Nf3 Nd7 6. cxd5 exd5 7. Bd3 Bg6 8. 0-0 Ngf6 9. Bxg6 hxg6 10. Re1 Be7 11. Qc2 0-0 12. Bd2 Re8 13. Rad1 Bd6 14. e4 dxe4 15. Nxe4 1/2-1/2

[Event "Mecklenburg VP LL 0405"]
[Site "Mecklenburg VP"]
[Date "2005.04.24"]
[Round "9.3"]
[White "Hasselmann, Dieter"]
[Black "Herholz, Holger"]
[Result "1-0"]
[WhiteElo "2007"]
[BlackElo "1957"]
[PlyCount "57"]
[EventDate "2004.10.24"]
[EventType "team"]
[EventRounds "9"]
[EventCountry "GER"]
[SourceTitle "EXT 2009"]
[Source "ChessBase"]
[SourceDate "2008.11.26"]
[SourceVersion "1"]
[SourceVersionDate "2008.11.26"]
[SourceQuality "1"]
[WhiteTeam "Schwerin II"]
[BlackTeam "Warnemuende SF Ostsee"]
[WhiteTeamCountry "GER"]
[BlackTeamCountry "GER"]

1. e4 c5 2. Nf3 Nc6 3. c3 e6 4. d4 cxd4 5. cxd4 d5 6. e5 Bb4+ 7. Nc3 Nge7 8. Bd3 Ng6 9. h4 h5 10. Bxg6 fxg6 11. Qd3 Ne7 12. Bg5 Kf7 13. a3 Qa5 14. 0-0 Bxc3 15. bxc3 Nf5 16. Rfb1 a6 17. c4 Rb8 18. Bd2 Qd8 19. cxd5 Qxd5 20. Rc1 Rd8 21. Rc7+ Rd7 22. Rac1 Rxc7 23. Rxc7+ Bd7 24. Rc5 Qa2 25. d5 exd5 26. e6+ Kxe6 27. Ng5+ Ke7 28. Bb4 Ke8 29. Rxd5 1-0

[Event "Mecklenburg VP LL 0405"]
[Site "Mecklenburg VP"]
[Date "2005.04.10"]
[Round "8.3"]
[White "Herholz, Holger"]
[Black "Van Bentum, Horst"]
[Result "1/2-1/2"]
[WhiteElo "1957"]
[BlackElo "2026"]
[PlyCount "40"]
[EventDate "2004.10.24"]
[EventType "team"]
[EventRounds "9"]
[EventCountry "GER"]
[SourceTitle "EXT 2009"]
[Source "ChessBase"]
[SourceDate "2008.11.26"]
[SourceVersion "1"]
[SourceVersionDate "2008.11.26"]
[SourceQuality "1"]
[WhiteTeam "Warnemuende SF Ostsee"]
[BlackTeam "Rostock Uni"]
[WhiteTeamCountry "GER"]
[BlackTeamCountry "GER"]

1. d4 Nf6 2. c4 e6 3. Nc3 Bb4 4. Bd2 0-0 5. Nf3 d5 6. e3 c5 7. cxd5 exd5 8. Be2 Nc6 9. 0-0 cxd4 10. Nxd4 Nxd4 11. exd4 Bxc3 12. bxc3 Ne4 13. Be1 Be6 14. f3 Nd6 15. Bd3 Qd7 16. Bg3 Rac8 17. Rc1 Nc4 18. Re1 Rfe8 19. Qc2 g6 20. h4 f5 1/2-1/2

[Event "Mecklenburg VP-ch MT"]
[Site "Nakenstorf"]
[Date "2005.03.25"]
[Round "3.13"]
[White "Stemmler, Lysan"]
[Black "Herholz, Holger"]
[Result "1-0"]
[WhiteElo "1745"]
[BlackElo "2031"]
[PlyCount "83"]
[EventDate "2005.03.24"]
[EventType "swiss"]
[EventRounds "9"]
[EventCountry "GER"]
[SourceTitle "EXT 2022"]
[Source "ChessBase"]
[SourceDate "2021.10.06"]
[SourceVersion "1"]
[SourceVersionDate "2021.10.06"]
[SourceQuality "1"]

1. e4 c5 2. c3 Nc6 3. d4 cxd4 4. cxd4 d5 5. exd5 Qxd5 6. Nf3 e6 7. Be2 Nf6 8. 0-0 Be7 9. Nc3 Qd8 10. Be3 0-0 11. Ne5 Nb4 12. Qb3 Nbd5 13. Rac1 Nxc3 14. bxc3 Nd5 15. c4 Nxe3 16. fxe3 Bf6 17. Ng4 Be7 18. Rf3 f5 19. Ne5 Bf6 20. Nd3 g5 21. d5 e5 22. Nb4 e4 23. Rff1 f4 24. c5 Kg7 25. d6 a5 26. Nd5 a4 27. Qb4 f3 28. gxf3 Bh3 29. Rf2 exf3 30. Rxf3 Qd7 31. Rg3 Qf5 32. Qxb7+ Rf7 33. Qxa8 Bb2 34. Nf4 Bxc1 35. Nxh3 h6 36. Qxa4 Qxc5 37. Qd4+ Qxd4 38. exd4 Rd7 39. Rc3 Bb2 40. Rc7 Bxd4+ 41. Kg2 Rf7 42. Bh5 1-0

[Event "Mecklenburg VP-ch MT"]
[Site "Nakenstorf"]
[Date "2005.03.24"]
[Round "1.1"]
[White "Knuth, Hannes"]
[Black "Herholz, Holger"]
[Result "1-0"]
[WhiteElo "2299"]
[BlackElo "2031"]
[PlyCount "59"]
[EventDate "2005.03.24"]
[EventType "swiss"]
[EventRounds "9"]
[EventCountry "GER"]
[SourceTitle "EXT 2022"]
[Source "ChessBase"]
[SourceDate "2021.10.06"]
[SourceVersion "1"]
[SourceVersionDate "2021.10.06"]
[SourceQuality "1"]

1. d4 Nf6 2. c4 g6 3. Nc3 Bg7 4. e4 d6 5. Be2 0-0 6. Nf3 Nbd7 7. Be3 Re8 8. Qd2 e5 9. dxe5 Nxe5 10. Nxe5 dxe5 11. 0-0-0 Be6 12. Qc2 Qe7 13. Nd5 Nxd5 14. cxd5 Bd7 15. Kb1 Rec8 16. h4 h5 17. f3 f5 18. Qb3 Qd6 19. Qxb7 Rcb8 20. Qa6 Qb4 21. Rd2 fxe4 22. Qxg6 exf3 23. gxf3 Be8 24. Qg5 Qf8 25. Rg1 Kh8 26. Bd3 Qf6 27. Rdg2 e4 28. Qxg7+ Qxg7 29. Rxg7 exd3 30. Rg8+ 1-0

[Event "Mecklenburg VP LL2 West 0304"]
[Site "Mecklenburg VP"]
[Date "2004.03.07"]
[Round "7.1"]
[White "Kornblum, Harry"]
[Black "Herholz, Holger"]
[Result "1/2-1/2"]
[WhiteElo "1999"]
[BlackElo "1959"]
[PlyCount "50"]
[EventDate "2003.09.28"]
[EventType "team-tourn"]
[EventRounds "9"]
[EventCountry "GER"]
[SourceTitle "EXT 2022"]
[Source "ChessBase"]
[SourceDate "2021.10.06"]
[SourceVersion "1"]
[SourceVersionDate "2021.10.06"]
[SourceQuality "1"]
[WhiteTeam "Kuehlungsborn SV Empor"]
[BlackTeam "Warnemuende SF Ostsee II"]
[WhiteTeamCountry "GER"]
[BlackTeamCountry "GER"]

1. d4 Nf6 2. c4 d6 3. Nc3 g6 4. e4 Bg7 5. f4 0-0 6. Nf3 c5 7. d5 e6 8. Bd3 exd5 9. cxd5 Bg4 10. 0-0 Nbd7 11. h3 Bxf3 12. Qxf3 a6 13. a4 Ne8 14. g4 Rc8 15. Kg2 c4 16. Bc2 Qc7 17. Be3 b6 18. h4 Nef6 19. Rae1 h5 20. g5 Ng4 21. Bg1 Rb8 22. Ra1 Rb7 23. Bd1 b5 24. axb5 axb5 25. Ra6 Qb8 1/2-1/2

[Event "Schleswig Holstein-ch VM 59th"]
[Site "Buesum"]
[Date "2004.??.??"]
[Round "7"]
[White "Herholz, Holger"]
[Black "Haffner, Alexander"]
[Result "0-1"]
[WhiteElo "2118"]
[BlackElo "2147"]
[PlyCount "76"]
[EventDate "2004.??.??"]
[EventType "tourn"]
[EventRounds "9"]
[EventCountry "GER"]
[SourceTitle "EXT 2010"]
[Source "ChessBase"]
[SourceDate "2010.11.25"]
[SourceVersion "1"]
[SourceVersionDate "2010.11.25"]
[SourceQuality "1"]

1. d4 Nf6 2. c4 g6 3. Nc3 Bg7 4. e4 d6 5. f4 0-0 6. Nf3 Na6 7. Be2 e5 8. fxe5 dxe5 9. d5 Nc5 10. Qc2 Nfxe4 11. Nxe4 Bf5 12. Bd3 Bxe4 13. Bxe4 f5 14. Bxf5 Rxf5 15. Be3 e4 16. Bxc5 exf3 17. 0-0-0 Qg5+ 18. Kb1 b6 19. Ba3 Qxg2 20. Rhf1 f2 21. Qe2 Qxh2 22. Qe6+ Kh8 23. d6 cxd6 24. Bxd6 Qg2 25. Qe2 Rc8 26. Qe6 Qc6 27. Qe2 Qxc4 28. Qxc4 Rxc4 29. Bb8 Rd4 30. Rc1 Rf8 31. Bxa7 Ra4 32. Rc7 Bd4 33. Rb7 Rb4 34. b3 Bc5 35. Kc2 Re4 36. Bxb6 Bxb6 37. Rh1 h5 38. Rxb6 Re1 0-1